|
|
|
|
| LEADER |
00000nab a2200000 a 4500 |
| 001 |
vtls000921600 |
| 003 |
SK-MaSNL |
| 005 |
20260303034047.0 |
| 008 |
040720e19940304xo 0 slo |
| 035 |
|
|
|a KE30477
|
| 040 |
|
|
|a KEVKJB
|b slo
|c KEVKJB
|e AACR2
|
| 041 |
0 |
|
|a slo
|
| 044 |
|
|
|a xo
|c SK
|
| 080 |
|
|
|a 628.4.045
|2 1981
|
| 100 |
1 |
|
|a Bobriková, Zuzana
|4 aut
|9 340855
|
| 245 |
1 |
0 |
|a Dvaja kohúti a smetisko
|b Rozhodujúce slovo musí povedať mesto
|
| 650 |
0 |
7 |
|a odpady tuhé komunálne
|2 KEVKJB
|9 1018792
|
| 650 |
0 |
7 |
|a skládky
|2 KEVKJB
|9 301291
|
| 650 |
0 |
7 |
|a spory
|2 KEVKJB
|9 16285
|
| 650 |
0 |
7 |
|a informácie
|2 KEVKJB
|9 1285
|
| 651 |
|
7 |
|a Košice (Slovensko)
|2 KEVKJB
|9 18694
|
| 651 |
|
7 |
|a KE,
|2 KEVKJB
|9 877256
|
| 655 |
|
7 |
|a periodikum
|2 snkbucl
|9 29553
|
| 773 |
0 |
8 |
|t Pravda
|g Roč. 4, č.52, 4.3.1994, s. 7
|
| 852 |
|
|
|a ZVYKNI
|b KIS3GCP
|
| 999 |
|
|
|c 1672224
|d 1674154
|